Total victory, (Record no. 552797)

000 -LEADER
fixed length control field 00545cam a22001811 4500
082 ## - DEWEY DECIMAL CLASSIFICATION NUMBER
Classification number 940.548
Author Mark KIN
-- D
100 2# - MAIN ENTRY--PERSONAL NAME
Personal name King-Hall, Stephen,
9 (RLIN) 48826
245 10 - TITLE STATEMENT
Title Total victory,
Statement of responsibility, etc. by Stephen King-Hall.
260 ## - PUBLICATION, DISTRIBUTION, ETC.
Place of publication, distribution, etc. New York,
Name of publisher, distributor, etc. Harcourt, Brace and Company
Date of publication, distribution, etc. [1942]
300 ## - PHYSICAL DESCRIPTION
Extent xii, 306 p.
Dimensions 21 cm.
500 ## - GENERAL NOTE
General note "First American edition."
526 ## - STUDY PROGRAM INFORMATION NOTE
Program name 0
Interest level 0
Reading level 0
Title point value 940_548000000000000_KIN
650 #0 - SUBJECT ADDED ENTRY--TOPICAL TERM
Topical term or geographic name entry element MCE
9 (RLIN) 379
650 #0 - SUBJECT ADDED ENTRY--TOPICAL TERM
Topical term or geographic name entry element Strategy
650 #0 - SUBJECT ADDED ENTRY--TOPICAL TERM
Topical term or geographic name entry element World War, 1939-1945
9 (RLIN) 28174
650 #0 - SUBJECT ADDED ENTRY--TOPICAL TERM
Topical term or geographic name entry element World War, 1939-1945
General subdivision Peace
9 (RLIN) 50053
942 ## - ADDED ENTRY ELEMENTS (KOHA)
Source of classification or shelving scheme
Koha item type Book
Holdings
Withdrawn status Lost status Source of classification or shelving scheme Damaged status Not for loan Permanent Location Current Location Shelving location Date acquired Total Checkouts Full call number Barcode Date last seen Price effective from Koha item type
          Military College of Engineering (MCE) Military College of Engineering (MCE)   01/22/2015   940.548 KIN MCE-ECT/66 01/22/2015 01/22/2015 Book
© 2023 Central Library, National University of Sciences and Technology. All Rights Reserved.